[Event "IRI-chT (Women) 8th"]
[Site "Qazvin"]
[Date "2015.01.01"]
[Round "5.3"]
[White "Mahboobi, Shiva"]
[Black "Haghshenas, Zahra"]
[Result "1/2-1/2"]
[WhiteElo "1817"]
[BlackElo "1751"]
[PlyCount "111"]
[EventDate "2014.12.29"]
[EventType "team-tourn"]
[EventRounds "7"]
[EventCountry "IRI"]
[SourceTitle "CBM 164 Extra"]
[Source "ChessBase"]
[SourceDate "2015.03.02"]
[SourceVersion "1"]
[SourceVersionDate "2015.03.02"]
[SourceQuality "1"]
[WhiteTeam "Behkak Zarin Golestan (W)"]
[BlackTeam "Qazvin CA (W)"]
[WhiteTeamCountry "IRI"]
[BlackTeamCountry "IRI"]

1. e4 c5 2. Nf3 d6 3. d4 cxd4 4. Nxd4 Nf6 5. Nc3 a6 6. Be2 e6 7. 0-0 Be7 8. f4 Qc7 9. Bf3 Nc6 10. Kh1 0-0 11. a4 Na5 12. f5 Nc4 13. Be2 Bd7 14. Rg1 e5 15. Nb3 b5 16. Bf3 Bc6 17. Qe2 Qb7 18. Re1 d5 19. exd5 Nxd5 20. Nxd5 Bxd5 21. Bxd5 Qxd5 22. Nd2 Nxd2 23. Bxd2 f6 24. Rad1 Qc6 25. axb5 axb5 26. Be3 Ra4 27. Rd3 Rc4 28. c3 b4 29. Bd2 bxc3 30. Bxc3 Bb4 31. Bxb4 Rxb4 32. Red1 Rb7 33. h3 Qb5 34. R1d2 Qc4 35. Rc2 Qf4 36. Rf3 Qd4 37. Rd2 Qb4 38. Qd3 Kh8 39. Re3 Qc5 40. Qc3 Qxc3 41. Rxc3 g6 42. Rf3 Kg7 43. g4 Rfb8 44. fxg6 hxg6 45. Rdf2 Rb6 46. Kg2 e4 47. Re3 Rxb2 48. Rxe4 Rxf2+ 49. Kxf2 Rb3 50. Re3 Rxe3 51. Kxe3 g5 52. Kd3 Kf7 53. Kd4 Ke7 54. Ke3 Kd7 55. Kd3 Ke7 56. Ke3 1/2-1/2

[Event "IRI-ch (Women)"]
[Site "Rasht"]
[Date "2013.12.07"]
[Round "10"]
[White "Haghshenas, Zahra"]
[Black "Alinasab, Mobina"]
[Result "0-1"]
[WhiteElo "1785"]
[BlackElo "1838"]
[PlyCount "137"]
[EventDate "2013.11.30"]
[EventType "swiss"]
[EventRounds "11"]
[EventCountry "IRI"]
[SourceTitle "CBM 157 Extra"]
[Source "ChessBase"]
[SourceDate "2013.12.19"]
[SourceVersion "1"]
[SourceVersionDate "2013.12.19"]
[SourceQuality "1"]

1. e4 c5 2. Nf3 e6 3. d4 cxd4 4. Nxd4 a6 5. c4 Nf6 6. Nc3 Qc7 7. a3 d6 8. Be2 Nbd7 9. Be3 b6 10. 0-0 Bb7 11. f3 Be7 12. Rc1 0-0 13. Qe1 Rfe8 14. Qf2 Rac8 15. g4 Ne5 16. h4 Nfd7 17. g5 Qb8 18. b3 Bd8 19. Kg2 Bc7 20. Rh1 Qa8 21. Rh3 Nc6 22. h5 Ne7 23. Rch1 Nf8 24. Qh4 Bd8 25. Qg3 Qb8 26. Nd1 Bc7 27. Qh4 Bd8 28. Qg3 d5 29. Bf4 Bc7 30. e5 dxc4 31. Bxc4 Red8 32. Nc2 Nf5 33. Qe1 b5 34. Bf1 Bxe5 35. Bxe5 Rxc2+ 36. Nf2 Qa7 37. R1h2 Rdd2 38. Kg1 Qe3 39. Qxe3 Nxe3 40. Bf4 Rc3 41. Bxe3 Rxe3 42. f4 Rxh3 43. Rxh3 Rd4 44. Nd3 Nd7 45. Kf2 Nb6 46. Ke3 Rd7 47. Be2 Nd5+ 48. Kf2 Rc7 49. Bf3 Rc3 50. Bxd5 Bxd5 51. Re3 Bxb3 52. f5 Bc4 53. fxe6 fxe6 54. Nc5 Rxe3 55. Kxe3 a5 56. Kd4 Bd5 57. Nd7 Kf7 58. Nb6 b4 59. axb4 axb4 60. Na4 b3 61. Kc3 h6 62. gxh6 gxh6 63. Nc5 Kf6 64. Nxb3 Bxb3 65. Kxb3 Ke5 66. Kc3 Ke4 67. Kd2 Kf3 68. Ke1 Ke3 69. Kf1 0-1

[Event "IRI-ch (Women)"]
[Site "Rasht"]
[Date "2013.12.04"]
[Round "6"]
[White "Haghshenas, Zahra"]
[Black "Shams, Neghar"]
[Result "1/2-1/2"]
[WhiteElo "1785"]
[BlackElo "1769"]
[PlyCount "29"]
[EventDate "2013.11.30"]
[EventType "swiss"]
[EventRounds "11"]
[EventCountry "IRI"]
[SourceTitle "CBM 157 Extra"]
[Source "ChessBase"]
[SourceDate "2013.12.19"]
[SourceVersion "1"]
[SourceVersionDate "2013.12.19"]
[SourceQuality "1"]

1. e4 d5 2. exd5 Qxd5 3. Nc3 Qa5 4. d4 Nf6 5. Bc4 Bf5 6. Nf3 c6 7. Bd2 e6 8. 0-0 Nbd7 9. a3 Qc7 10. Re1 Bd6 11. b4 Nb6 12. Bf1 Nbd5 13. g3 0-0-0 14. Na4 b5 15. c4 1/2-1/2

[Event "IRI-ch (Women)"]
[Site "Rasht"]
[Date "2013.11.30"]
[Round "1"]
[White "Asgarizadeh, Minoo"]
[Black "Haghshenas, Zahra"]
[Result "1-0"]
[WhiteElo "2117"]
[BlackElo "1785"]
[PlyCount "75"]
[EventDate "2013.11.30"]
[EventType "swiss"]
[EventRounds "11"]
[EventCountry "IRI"]
[SourceTitle "CBM 157 Extra"]
[Source "ChessBase"]
[SourceDate "2013.12.19"]
[SourceVersion "1"]
[SourceVersionDate "2013.12.19"]
[SourceQuality "1"]

1. e4 c5 2. Nf3 d6 3. d4 cxd4 4. Nxd4 Nf6 5. Nc3 a6 6. Be3 e6 7. Be2 Be7 8. 0-0 0-0 9. f4 Qc7 10. a4 b6 11. Bf3 Bb7 12. f5 e5 13. Nb3 Nbd7 14. Qe2 Nc5 15. Nd2 Rfd8 16. Bg5 Bc6 17. Kh1 Qb7 18. Bxf6 Bxf6 19. b4 Ne6 20. fxe6 fxe6 21. b5 Be8 22. bxa6 Rxa6 23. Nb5 Raa8 24. Nc4 Bxb5 25. axb5 Rxa1 26. Rxa1 d5 27. Nd2 Qc7 28. c4 d4 29. Bg4 Qe7 30. Qd3 Rb8 31. Ra6 Kf7 32. Qa3 Qxa3 33. Rxa3 Bg5 34. Nf3 Bf6 35. Ra7+ Kg6 36. Bxe6 d3 37. Ra3 Rd8 38. Bd5 1-0